| 000 | 00755nam a22002177a 4500 | ||
|---|---|---|---|
| 999 |
_c6151 _d6151 |
||
| 003 | AR-CdUCM | ||
| 008 | 190313b ||||| |||| 00| 0 spa d | ||
| 040 |
_aMUNICIPALIDAD PROVINCIAL DEL CUSCO _cBIBLIOTECA MUNICIPAL DEL CUSCO |
||
| 082 |
_a869.2038 / _bIL2 |
||
| 100 |
_aIlim, I _917812 |
||
| 245 | _aComo el hombre se hizo gigante / | ||
| 260 |
_aBuenos Aires : _bFuturo S. R L., _c1959. |
||
| 300 |
_a173 paginas ; _c20 cm. |
||
| 500 | _aDonación de la familia Nieto | ||
| 505 | _aEl hombre gigante -- En una jaula invisible -- El héroe y sus parientes -- La juventud del gigante -- En una casa abandonada... | ||
| 650 |
_aEl hombre gigante _917813 |
||
| 650 |
_aSiglo XX _98 |
||
| 650 |
_aLiteratura _983 |
||
| 942 |
_2ddc _cLIBROS |
||
| 945 | _awnts | ||